logo

HISTORIA DE LAS ORDENES DE CABALLERIA Y DE LAS CONDECORACIO.T I Y II (Record no. 74563)

MARC details
000 -CABECERA
campo de control de longitud fija 00539nam a2200181Ia 4500
001 - NÚMERO DE CONTROL
campo de control 22771
005 - FECHA Y HORA DE LA ÚLTIMA TRANSACCIÓN
campo de control 20260414093238.0
008 - CÓDIGOS DE INFORMACIÓN DE LONGITUD FIJA
campo de control de longitud fija 260115s9999 xx 000 0 und d
035 ## - NÚMERO DE CONTROL DEL SISTEMA
Número de control de sistema 13320
090 ## - LOCALMENTE ASIGNADO TIPO-LC NÚMERO DE CLASIFICACIÓN (OCLC); NÚMERO DE CLASIFICACIÓN LOCAL (RLIN)
Número de clasificación (OCLC) (R) ; Numero de clasificación CALL (RLIN) (NR) 929.71
100 ## - PUNTO DE ACCESO PRINCIPAL - NOMBRE DE PERSONA
Nombre de persona HISTORIA DEL MUNDO MODERNO
245 #0 - MENCIÓN DE TÍTULO
Título HISTORIA DE LAS ORDENES DE CABALLERIA Y DE LAS CONDECORACIO.T I Y II
260 ## - PUBLICACIÓN, DISTRIBUCIÓN, ETC. (PIE DE IMPRENTA)
Lugar de publicación distribución etc. MADRID
Nombre del editor distribuidor etc. TOMAS REY S.A.
Fecha de publicación distribución etc. 1864
630 ## - PUNTO DE ACCESO ADICIONAL DE MATERIA--TÍTULO UNIFORME
Título uniforme BIOGRAFIAS
650 ## - PUNTO DE ACCESO ADICIONAL DE MATERIA--TÉRMINO DE MATERIA
Término de materia o nombre geográfico como elemento inicial ORDENES DE CABALLERIA.CONDECORACIONES
942 ## - ELEMENTOS DE PUNTO DE ACCESO ADICIONAL (KOHA)
Tipo de ítem Koha Monografías
901 ## - ELEMENTOS DE DATOS A LOCAL LDA (RLIN)
a FH
b FH
y BK
p SEH_22771
i 19295
j 929.71
c MUSEO
t 1
x 1
Holdings
Estado de retiro Estado de pérdida Estado dañado No para préstamo Localización permanente Ubicación/localización actual Ubicación en estantería Fecha de adquisición Número de inventario Número de control en estantería Número de registro Total de préstamos Código de barras Fecha visto por última vez Número de copia Precio válido a partir de Tipo de ítem Koha
        Servicio de Estudios Históricos Servicio de Estudios Históricos   14/04/2026 19295 127 19295   SEH_22771 14/04/2026 1 14/04/2026 Monografías